书目信息 |
| 题名: |
测绘与地理信息标准化指导与实践
|
|
| 作者: | ;国家测绘局 编 | |
| 分册: | ||
| 出版信息: | 北京 测绘出版社 2008.12 |
|
| 页数: | 238页 | |
| 开本: | 26cm | |
| 丛书名: | ||
| 单 册: | ||
| 中图分类: | P201 , P208-65 | |
| 科图分类: | ||
| 主题词: | 测绘--ce hui--标准化 , 地理信息系统--di li xin xi xi tong--标准化 | |
| 电子资源: | ||
| ISBN: | 978-7-5030-1879-4 | |
| 000 | 00948nam0 2200277 450 | |
| 001 | 96780 | |
| 005 | 20250913133017.49 | |
| 010 | @a978-7-5030-1879-4@dCNY28.80@z7-5030-1879-8 | |
| 100 | @a20091119d2008 em y0chiy50 ea | |
| 101 | 0 | @achi |
| 102 | @aCN@b110000 | |
| 105 | @aak z 000yy | |
| 106 | @ar | |
| 200 | 1 | @a测绘与地理信息标准化指导与实践@Ace hui yu di li xin xi biao zhun hua zhi dao yu shi jian@f国家测绘局编 |
| 210 | @a北京@c测绘出版社@d2008.12 | |
| 215 | @a238页@c图@d26cm | |
| 300 | @a测绘科技专著出版基金赞助 | |
| 330 | @a本书系统介绍了测绘与地理信息标准化基础知识、发展的目标及当前的任务, 对测绘与地理信息标准体系进行了解析等。 | |
| 606 | 0 | @a测绘@Ace hui@x标准化 |
| 606 | 0 | @a地理信息系统@Adi li xin xi xi tong@x标准化 |
| 690 | @aP201@v4 | |
| 690 | @aP208-65@v4 | |
| 711 | 02 | @a国家测绘局@Aguo jia ce hui ju@4编 |
| 801 | 0 | @aCN@c20250909 |
| 905 | @a河南城建学院图书馆@dP201@eG894 | |
| 962 | @aA9787503018#5571003A | |
| 测绘与地理信息标准化指导与实践/国家测绘局编.-北京:测绘出版社,2008.12 |
| 238页:图;26cm |
| 测绘科技专著出版基金赞助 |
| ISBN 978-7-5030-1879-4:CNY28.80 |
| 本书系统介绍了测绘与地理信息标准化基础知识、发展的目标及当前的任务, 对测绘与地理信息标准体系进行了解析等。 |
| ● |
| 相关链接 |
|
|
|
正题名:测绘与地理信息标准化指导与实践
索取号:P201/G894
 
预约/预借
| 序号 | 登录号 | 条形码 | 馆藏地/架位号 | 状态 | 备注 |
| 1 | 1638301 | 216383018 | 自科库401/401自科库 113排2列6层/ [索取号:P201/G894] | 在馆 |